00814nam a2200229 a 4500999001500000001000400015003000900019005001700028008004100045020001500086040002800101082002100129100002600150245008800176260004800264300002900312504005100341650004100392650002000433942001200453952011900465 c1633d1633439BD-DhUAP20200211113059.0200211s1995 enk zl 001 0 eng d a1859661882 aDLCcDLCdBD-DhUAPbEng00a346.0682 WOL2231 aWolf, Ronald Charles.10aA guide to international joint ventures with sample clauses /cRonald Charles Wolf. aLondon :bKluwer law international,cc1995. axii, 162 pages ;c22 cm. aIncludes bibliographical references and index. aJoint venturesxLaw and legislation. aJoint ventures. 2ddccBK 00102ddc4070aUAPCLbUAPCLcGeneral Stacksd2020-02-11o346.0682 WOLp3010000439r2020-02-11t1w2020-02-11yBK